Statistics for All Cincinnati Neighborhoods

Click here to take the quiz!

General Stats

  • This quiz has been taken 54 times
  • The average score is 16 of 52

Answer Stats

#NeighborhoodPop.% Correct
23Over-The-Rhine6,064
83%
9Clifton13,838
69%
8Downtown14,105
61%
42Mount Adams1,491
56%
15Oakley10,429
56%
20Walnut Hills7,755
56%
14East Walnut Hills10,825
53%
10Hyde Park13,356
53%
12Avondale12,466
44%
16East Price Hill9,980
44%
13Northside11,982
44%
7West Price Hill16,252
44%
2Westwood24,950
44%
6CUF16,989
39%
31West End2,889
39%
1Mount Washington27,778
36%
44Columbia-Tusculum1,304
33%
30Corryville3,327
33%
24Lower Price Hill5,773
33%
25Mount Auburn5,547
33%
50California469
31%
43Camp Washington1,343
31%
18Evanston9,158
31%
5Madisonville18,391
31%
3College Hill21,402
28%
27Mount Lookout5,449
25%
21North Avondale6,806
25%
45Paddock Hills959
25%
46Pendleton900
25%
49Sedamsville680
25%
36South Fairmount2,368
25%
41East End1,518
22%
17Mount Airy9,883
22%
40North Fairmount1,812
22%
52Queensgate142
22%
37Riverside2,340
22%
34East Westwood2,445
19%
11Kennedy Heights12,574
19%
19Pleasant Ridge8,954
19%
22Roselawn6,440
19%
32Sayler Park2,758
19%
48South Cumminsville801
19%
28Winton Hills4,787
19%
33Carthage2,590
17%
4Bond Hill20,193
14%
51English Woods398
14%
35Millvale2,399
14%
29CBD3,996
11%
26Hartwell5,480
11%
47Linwood875
11%
39Villages at Roll Hill1,916
11%
38Winton Place1,964
6%

Score Distribution

Percentile by Number Answered

Percent of People with Each Score

Your Score History

You have not taken this quiz